000 00454nam a2200181Ia 4500
003 GCL
008 140319s9999 xx 000 0 eng d
040 _aGCL /
_cGCL
082 0 4 _a193
_bS K
100 1 _aSCRUTON, ROGER
245 1 0 _aKANT /
_cSCRUTON, ROGER
260 _a[S.N] :
_bOXFORD UNIVERSITY PRESS ،
_c1982
300 _a99 P
650 0 4 _aPHILOSOPHERS
650 0 4 _aKANT, I.(1724 - 1804)
650 0 4 _aGERMAN PHILOSOPHY
942 _2ddc
_cBK
999 _c11749
_d11749